<?xml version="1.0" encoding="UTF-8"?>
<record
    xmlns:xsi="http://www.w3.org/2001/XMLSchema-instance"
    xsi:schemaLocation="http://www.loc.gov/MARC21/slim http://www.loc.gov/standards/marcxml/schema/MARC21slim.xsd"
    xmlns="http://www.loc.gov/MARC21/slim">

  <leader>01978nam a22003017a 4500</leader>
  <controlfield tag="001">1512</controlfield>
  <controlfield tag="005">20231003084901.0</controlfield>
  <datafield tag="020" ind1=" " ind2=" ">
    <subfield code="a">9789924340843</subfield>
  </datafield>
  <datafield tag="040" ind1=" " ind2=" ">
    <subfield code="a">FISKH </subfield>
    <subfield code="b">eng</subfield>
    <subfield code="c">FISKH </subfield>
    <subfield code="d">FISKH </subfield>
  </datafield>
  <datafield tag="082" ind1=" " ind2=" ">
    <subfield code="a">959.6</subfield>
  </datafield>
  <datafield tag="100" ind1=" " ind2=" ">
    <subfield code="a">Vicheka, Khoun </subfield>
  </datafield>
  <datafield tag="245" ind1=" " ind2=" ">
    <subfield code="a">&#x1787;&#x1793;&#x1787;&#x17B6;&#x178F;&#x17B7;&#x1781;&#x17D2;&#x1798;&#x17C2;&#x179A; / </subfield>
    <subfield code="b">&#x1786;&#x17D2;&#x1793;&#x17B6;&#x17C6; &#x17E1;&#x17E9;&#x17E5;&#x17E3;-&#x1794;&#x1785;&#x17D2;&#x1785;&#x17BB;&#x1794;&#x17D2;&#x1794;&#x1793;&#x17D2;&#x1793; </subfield>
    <subfield code="c">&#x1793;&#x17B7;&#x1796;&#x1793;&#x17D2;&#x1792;&#x178A;&#x17C4;&#x1799; &#x1783;&#x17BD;&#x1793; &#x179C;&#x17B7;&#x1785;&#x17D2;&#x1785;&#x17B7;&#x1780;&#x17B6; </subfield>
  </datafield>
  <datafield tag="250" ind1=" " ind2=" ">
    <subfield code="a">&#x1794;&#x17C4;&#x17C7;&#x1796;&#x17BB;&#x1798;&#x17D2;&#x1796;&#x179B;&#x17BE;&#x1780;&#x1791;&#x17B8; &#x17E2; &#x1781;&#x17C2;&#x179F;&#x17B8;&#x17A0;&#x17B6; &#x17E2;&#x17E0;&#x17E2;&#x17E2; </subfield>
  </datafield>
  <datafield tag="260" ind1=" " ind2=" ">
    <subfield code="a">Phnom Penh : </subfield>
    <subfield code="b">Sipar, </subfield>
    <subfield code="c">2022. </subfield>
  </datafield>
  <datafield tag="300" ind1=" " ind2=" ">
    <subfield code="a">44 pages : </subfield>
    <subfield code="b">maps ; color illustrations ; </subfield>
    <subfield code="c">20 cm </subfield>
  </datafield>
  <datafield tag="490" ind1=" " ind2=" ">
    <subfield code="a">&#x1781;&#x17D2;&#x1789;&#x17BB;&#x17C6;&#x1785;&#x1784;&#x17CB;&#x178A;&#x17B9;&#x1784; </subfield>
  </datafield>
  <datafield tag="505" ind1=" " ind2=" ">
    <subfield code="a">Z' </subfield>
  </datafield>
  <datafield tag="520" ind1=" " ind2=" ">
    <subfield code="a">&#x1781;&#x17D2;&#x1798;&#x17C2;&#x179A;&#x1797;&#x17B6;&#x1782;&#x1791;&#x17B8;&#x17E3; &#x1785;&#x17B6;&#x1794;&#x17CB;&#x1796;&#x17B8;&#x1786;&#x17D2;&#x1793;&#x17B6;&#x17C6;&#x17E1;&#x17E9;&#x17E5;&#x17E3; &#x178A;&#x179B;&#x17CB;&#x1794;&#x1785;&#x17D2;&#x1785;&#x17BB;&#x1794;&#x17D2;&#x1794;&#x1793;&#x17D2;&#x1793; &#x1796;&#x17B7;&#x1796;&#x178E;&#x17CC;&#x1793;&#x17B6;&#x17A2;&#x17C6;&#x1796;&#x17B8;&#x1796;&#x17D2;&#x179A;&#x17B9;&#x178F;&#x17D2;&#x178F;&#x17B7;&#x1780;&#x17B6;&#x179A;&#x178E;&#x17CD;&#x1794;&#x17D2;&#x179A;&#x179C;&#x178F;&#x17D2;&#x178F;&#x17B7;&#x179F;&#x17B6;&#x179F;&#x17D2;&#x178F;&#x17D2;&#x179A;&#x179F;&#x17C6;&#x1781;&#x17B6;&#x1793;&#x17CB;&#x17D7;&#x1786;&#x17D2;&#x1793;&#x17B6;&#x17C6;&#x17E1;&#x17E9;&#x17E5;&#x17E3; &#x179A;&#x17A0;&#x17BC;&#x178F;&#x178A;&#x179B;&#x17CB;&#x179F;&#x178F;&#x179C;&#x178F;&#x17D2;&#x179F;&#x1791;&#x17B8;&#x17E2;&#x17E0; &#x179A;&#x17BD;&#x1798;&#x1798;&#x17B6;&#x1793;&#x1793;&#x1799;&#x17C4;&#x1794;&#x17B6;&#x1799; &#x1780;&#x17BB;&#x1798;&#x17D2;&#x1798;&#x17BB;&#x1799;&#x1793;&#x17B7;&#x179F;&#x17D2;&#x178F; &#x179F;&#x1784;&#x17D2;&#x1782;&#x17D2;&#x179A;&#x17B6;&#x1798;&#x179F;&#x17CA;&#x17B8;&#x179C;&#x17B7;&#x179B; &#x1780;&#x17B6;&#x179A;&#x1780;&#x179F;&#x17B6;&#x1784;&#x17A1;&#x17BE;&#x1784;&#x179C;&#x17B7;&#x1789;&#x1780;&#x17D2;&#x179A;&#x17C4;&#x1799;&#x179F;&#x1784;&#x17D2;&#x1782;&#x17D2;&#x179A;&#x17B6;&#x1798; &#x1793;&#x17B7;&#x1784;&#x1780;&#x17B6;&#x179A;&#x1794;&#x17C4;&#x17C7;&#x1786;&#x17D2;&#x1793;&#x17C4;&#x178F;&#x179B;&#x17BE;&#x1780;&#x178A;&#x17C6;&#x1794;&#x17BC;&#x1784;&#x17D4;</subfield>
  </datafield>
  <datafield tag="520" ind1=" " ind2=" ">
    <subfield code="a">The Khmers Part 3, from 1953 &#x2013; present describes significant historical events from 1953 until the 20th century including politics, communism, civil war, rebuilding after war and the first election. </subfield>
  </datafield>
  <datafield tag="521" ind1=" " ind2=" ">
    <subfield code="a">1000
</subfield>
    <subfield code="b">Lexile estimate 
</subfield>
  </datafield>
  <datafield tag="521" ind1=" " ind2=" ">
    <subfield code="a">Z' 
</subfield>
    <subfield code="b">Raz-Plus 
</subfield>
  </datafield>
  <datafield tag="650" ind1=" " ind2=" ">
    <subfield code="a">&#x1794;&#x1785;&#x17D2;&#x1785;&#x17BB;&#x1794;&#x17D2;&#x1794;&#x1793;&#x17D2;&#x1793; </subfield>
    <subfield code="v">&#x1793;&#x1799;&#x17C4;&#x1794;&#x17B6;&#x1799; </subfield>
    <subfield code="x">&#x1780;&#x17B6;&#x179A;&#x1794;&#x17C4;&#x17C7;&#x1786;&#x17D2;&#x1793;&#x17C4;&#x178F; </subfield>
    <subfield code="y">&#x179B;&#x1791;&#x17D2;&#x1792;&#x17B7;&#x1780;&#x17BB;&#x1798;&#x17D2;&#x1798;&#x17BB;&#x1793;&#x17B8;&#x179F; </subfield>
  </datafield>
  <datafield tag="650" ind1=" " ind2=" ">
    <subfield code="a">Present </subfield>
    <subfield code="v">Politic </subfield>
    <subfield code="x">Election </subfield>
    <subfield code="y">Communist  </subfield>
  </datafield>
  <datafield tag="700" ind1=" " ind2=" ">
    <subfield code="a">Visoth, Seng </subfield>
    <subfield code="b">illustrator </subfield>
  </datafield>
  <datafield tag="700" ind1=" " ind2=" ">
    <subfield code="a">Lapros, Lak </subfield>
    <subfield code="c">illustrator </subfield>
  </datafield>
  <datafield tag="700" ind1=" " ind2=" ">
    <subfield code="a">Hugues, Piolet</subfield>
    <subfield code="c">illustrator </subfield>
  </datafield>
  <datafield tag="942" ind1=" " ind2=" ">
    <subfield code="2">ddc</subfield>
    <subfield code="c">BK</subfield>
    <subfield code="n">0</subfield>
  </datafield>
  <datafield tag="999" ind1=" " ind2=" ">
    <subfield code="c">1512</subfield>
    <subfield code="d">1512</subfield>
  </datafield>
  <datafield tag="952" ind1=" " ind2=" ">
    <subfield code="0">0</subfield>
    <subfield code="1">0</subfield>
    <subfield code="2">ddc</subfield>
    <subfield code="4">0</subfield>
    <subfield code="7">0</subfield>
    <subfield code="8">KHMERNF</subfield>
    <subfield code="a">001</subfield>
    <subfield code="b">001</subfield>
    <subfield code="c">RHTK2</subfield>
    <subfield code="d">2023-09-01</subfield>
    <subfield code="l">0</subfield>
    <subfield code="o">VIC 959.6</subfield>
    <subfield code="p">2023-0430</subfield>
    <subfield code="r">2023-09-01 08:46:55</subfield>
    <subfield code="t">1</subfield>
    <subfield code="w">2023-09-01</subfield>
    <subfield code="y">BK</subfield>
  </datafield>
  <datafield tag="952" ind1=" " ind2=" ">
    <subfield code="0">0</subfield>
    <subfield code="1">0</subfield>
    <subfield code="2">ddc</subfield>
    <subfield code="4">0</subfield>
    <subfield code="7">0</subfield>
    <subfield code="8">KHMERNF</subfield>
    <subfield code="a">001</subfield>
    <subfield code="b">001</subfield>
    <subfield code="c">RHTK2</subfield>
    <subfield code="d">2023-09-01</subfield>
    <subfield code="l">1</subfield>
    <subfield code="o">VIC 959.6</subfield>
    <subfield code="p">2023-0431</subfield>
    <subfield code="r">2025-11-10 10:14:08</subfield>
    <subfield code="s">2025-06-30</subfield>
    <subfield code="t">2</subfield>
    <subfield code="w">2023-09-01</subfield>
    <subfield code="y">BK</subfield>
  </datafield>
</record>
